Name the countries where euros are accepted - Sudden Death - Statistics

General Stats
  • This quiz has been taken 27 times
  • The average score is 10 of 20
Answers on the Grid
Answers color-coded by a green-red scale on the quiz's grid according to % correct below.
Norway
Finland
Sweden
Ireland
Lithuania
Malta
Gibraltar
Liechtenstein
Belgium
Netherlands
Cyprus
Greece
Luxembourg
Andorra
Latvia
Germany
Poland
Estonia
Turkey
Romania
France
Macedonia
Italy
Austria
Croatia
Albania
Portugal
Slovenia
Slovakia
Spain
 
Answer Stats
Answer % Correct
Belgium
74%
Germany
74%
Netherlands
74%
Greece
68%
Luxembourg
68%
Ireland
63%
Italy
58%
Finland
53%
France
53%
Malta
53%
Portugal
53%
Spain
47%
Austria
42%
Latvia
42%
Lithuania
42%
Cyprus
26%
Estonia
26%
Slovakia
26%
Croatia
21%
Slovenia
21%
No matching quizzes found
Score Distribution
Percent of People with Each Score
Percentile by Number Answered
Your Score History
You have not taken this quiz